Dasar-dasar utama kerajaan Malaysia / (Record no. 200)
[ view plain ]
| 000 -LEADER | |
|---|---|
| fixed length control field | aam a22 a 4500 |
| 003 - CONTROL NUMBER IDENTIFIER | |
| control field | AKMAL |
| 005 - DATE AND TIME OF LATEST TRANSACTION | |
| control field | 20170426093635.0 |
| 008 - FIXED-LENGTH DATA ELEMENTS--GENERAL INFORMATION | |
| fixed length control field | 170426s19881990my f00 may d |
| 020 ## - INTERNATIONAL STANDARD BOOK NUMBER | |
| International Standard Book Number | 9679933067 (kkt.): |
| 040 ## - CATALOGING SOURCE | |
| Original cataloging agency | AKMAL |
| 082 04 - DEWEY DECIMAL CLASSIFICATION NUMBER | |
| Classification number | 338.9595 DAS |
| 090 00 - LOCALLY ASSIGNED LC-TYPE CALL NUMBER (OCLC); LOCAL CALL NUMBER (RLIN) | |
| Classification number (OCLC) (R) ; Classification number, CALL (RLIN) (NR) | 338.9595 |
| Local cutter number (OCLC) ; Book number/undivided call number, CALL (RLIN) | DAS |
| 245 00 - TITLE STATEMENT | |
| Title | Dasar-dasar utama kerajaan Malaysia / |
| Statement of responsibility, etc. | editor Ambrin Buang |
| 250 ## - EDITION STATEMENT | |
| Edition statement | Ed. ke 2 |
| 260 ## - PUBLICATION, DISTRIBUTION, ETC. | |
| Place of publication, distribution, etc. | Kuala Lumpur : |
| Name of publisher, distributor, etc. | Institut Tadbiran Awam Negara, |
| Date of publication, distribution, etc. | c1990 |
| 300 00 - PHYSICAL DESCRIPTION | |
| Extent | x, 138ms. ; |
| Dimensions | 21cm |
| 651 #0 - SUBJECT ADDED ENTRY--GEOGRAPHIC NAME | |
| Geographic name | Malaysia |
| General subdivision | Economic policy |
| 9 (RLIN) | 49 |
| 651 #0 - SUBJECT ADDED ENTRY--GEOGRAPHIC NAME | |
| Geographic name | Malaysia |
| General subdivision | Social policy |
| 9 (RLIN) | 454 |
| 651 #0 - SUBJECT ADDED ENTRY--GEOGRAPHIC NAME | |
| Geographic name | Malaysia |
| General subdivision | Foreign relations |
| 9 (RLIN) | 11 |
| 651 #0 - SUBJECT ADDED ENTRY--GEOGRAPHIC NAME | |
| Geographic name | Malaysia |
| General subdivision | Politics and government |
| 9 (RLIN) | 44 |
| 700 0# - ADDED ENTRY--PERSONAL NAME | |
| Personal name | Ambrin Buang |
| 9 (RLIN) | 455 |
| 710 2# - ADDED ENTRY--CORPORATE NAME | |
| Corporate name or jurisdiction name as entry element | Institut Tadbiran Awam Negara |
| 9 (RLIN) | 410 |
| 942 ## - ADDED ENTRY ELEMENTS (KOHA) | |
| Source of classification or shelving scheme | |
| Koha item type | Book |
| Withdrawn status | Lost status | Source of classification or shelving scheme | Damaged status | Not for loan | Collection code | Home library | Current library | Shelving location | Date acquired | Inventory number | Total Checkouts | Full call number | Barcode | Date last seen | Price effective from | Koha item type |
|---|---|---|---|---|---|---|---|---|---|---|---|---|---|---|---|---|
| NON-FICTION | AKMAL Melaka | AKMAL Melaka | PINJAMAN | 26.04.2017 | 302006 | 338.9595 DAS | 201700458 | 26.04.2017 | 26.04.2017 | Book |
